Flexible Estimation of Demand Schedules and Revenue under Different Auction Formats
Uložené v:
| Hlavný autor: | |
|---|---|
| Ďalší autori: | |
| Médium: | Kniha |
| Jazyk: | English |
| Vydavateľské údaje: |
Washington
International Monetary Fund
1995
|
| Vydanie: | 1. ed. |
| Edícia: | IMF Working Paper
116 |
| Predmet: | |
| Tagy: |
Žiadne tagy, Buďte prvý, kto otaguje tento záznam!
|
MARC
| LEADER | 00000nam a2200000 4500 | ||
|---|---|---|---|
| 001 | c017378 | ||
| 005 | 20221205133017.4 | ||
| 041 | 0 | |a eng | |
| 044 | |a US | ||
| 245 | 1 | 0 | |a Flexible Estimation of Demand Schedules and Revenue under Different Auction Formats |c Robert A. Feldman, Vincent Reinhart |
| 250 | |a 1. ed. | ||
| 264 | 1 | |a Washington |b International Monetary Fund |c 1995 | |
| 300 | |a 24 s. | ||
| 490 | 1 | |a IMF Working Paper |v 116 | |
| 830 | 0 | |a IMF Working Paper |v 116 | |
| 610 | 2 | 0 | |a aukcie |
| 610 | 2 | 0 | |a trh finančný |
| 610 | 2 | 0 | |a trh zlata |
| 610 | 2 | 0 | |a harmonogramy |
| 610 | 2 | 0 | |a dopyt |
| 610 | 2 | 0 | |a výnosy |
| 100 | 1 | |a Feldman, Robert A. | |
| 700 | 1 | |a Reinhart, Vincent | |